<?xml version="1.0" encoding="UTF-8"?>
<record
    xmlns:xsi="http://www.w3.org/2001/XMLSchema-instance"
    xsi:schemaLocation="http://www.loc.gov/MARC21/slim http://www.loc.gov/standards/marcxml/schema/MARC21slim.xsd"
    xmlns="http://www.loc.gov/MARC21/slim">

  <leader>02305nam a2200289 a 4500</leader>
  <controlfield tag="001">000006770</controlfield>
  <controlfield tag="003">DO-SdBNP</controlfield>
  <controlfield tag="005">20240911122847.0</controlfield>
  <controlfield tag="008">090902t2003 dr     001 e spa d</controlfield>
  <datafield tag="020" ind1=" " ind2=" ">
    <subfield code="a">9993430420</subfield>
  </datafield>
  <datafield tag="040" ind1=" " ind2=" ">
    <subfield code="a">DO-SdBNP</subfield>
    <subfield code="b">spa</subfield>
    <subfield code="c">BPMSU</subfield>
  </datafield>
  <datafield tag="082" ind1=" " ind2="4">
    <subfield code="a">RD864.44</subfield>
    <subfield code="b">F677c 2003</subfield>
    <subfield code="2">22</subfield>
  </datafield>
  <datafield tag="100" ind1="1" ind2=" ">
    <subfield code="a">Font-bernard, R. A.,</subfield>
    <subfield code="d">1924-2006</subfield>
  </datafield>
  <datafield tag="245" ind1="1" ind2="0">
    <subfield code="a">Cr&#xF3;nicas elementales /</subfield>
    <subfield code="c">R. A. Font-bernard ; pr&#xF3;logo Enriquillo S&#xE1;nchez.</subfield>
  </datafield>
  <datafield tag="260" ind1=" " ind2=" ">
    <subfield code="a">Santo Domingo, :</subfield>
    <subfield code="b">Banco Central de la Rep&#xFA;blica Dominicana</subfield>
    <subfield code="c">2003</subfield>
  </datafield>
  <datafield tag="300" ind1=" " ind2=" ">
    <subfield code="a">226 p. ;</subfield>
    <subfield code="c">22 cm.</subfield>
  </datafield>
  <datafield tag="490" ind1="0" ind2=" ">
    <subfield code="a">Banco Central de la Rep&#xFA;blica Dominicana;</subfield>
    <subfield code="a">Arte literatura,</subfield>
    <subfield code="v">52</subfield>
  </datafield>
  <datafield tag="505" ind1="0" ind2=" ">
    <subfield code="g">Carta pr&#xF3;logo /</subfield>
    <subfield code="r">Enriquillo S&#xE1;nchez --</subfield>
    <subfield code="t">Las fabulaciones del descubrimiento --</subfield>
    <subfield code="t">Los cronistas de las Indias --</subfield>
    <subfield code="t">Unas precisiones --</subfield>
    <subfield code="t">De regia potestate --</subfield>
    <subfield code="t">La sobrecarga heredada --</subfield>
    <subfield code="t">La territoriedad mutilada --</subfield>
    <subfield code="t">Nosotros y el destino manifiesto --</subfield>
    <subfield code="t">Aguas arriba en la historia --</subfield>
    <subfield code="t">El espejo del pasado --</subfield>
    <subfield code="t">Trujillo y yo --</subfield>
    <subfield code="t">Redactores de discursos, proclamas y mensajes --</subfield>
    <subfield code="t">Para la historia --</subfield>
    <subfield code="t">La sensualidad en la Biblia --</subfield>
    <subfield code="t">En torno a la poes&#xED;a er&#xF3;tica --</subfield>
    <subfield code="t">Poes&#xED;a chapucera --</subfield>
    <subfield code="t">En torno a la letra e&#xF1;e --</subfield>
    <subfield code="t">Chaqui, chaqui, chaqui, charaqui --</subfield>
    <subfield code="t">Entorno a las bastard&#xED;as --</subfield>
    <subfield code="t">Patolog&#xED;a pol&#xED;tica --</subfield>
    <subfield code="t">La casa de Bernarda Alba --</subfield>
    <subfield code="t">Rub&#xE9;n Dar&#xED;o y su creaci&#xF3;n po&#xE9;tica --</subfield>
    <subfield code="t">Rub&#xE9;n Dar&#xED;o y la negritud --</subfield>
    <subfield code="t">En el centenario de Azul --</subfield>
    <subfield code="t">En el ocaso del boom novel&#xED;stico --</subfield>
    <subfield code="t">Venturas y desventuras del Premio N&#xF3;bel de Literatura --</subfield>
    <subfield code="t">La vor&#xE1;gine --</subfield>
    <subfield code="t">Jos&#xE9; Mart&#xED; poeta --</subfield>
    <subfield code="t">Los versos sencillos --</subfield>
    <subfield code="t">Ismaelillo --</subfield>
    <subfield code="t">Mujeres en la vida de Jos&#xE9; Mart&#xED; --</subfield>
    <subfield code="t">Variaciones en el Manifiesto de Montecristi --</subfield>
    <subfield code="t">C&#xF3;mo nos vieron Hostos y Mart&#xED; --</subfield>
    <subfield code="t">Per&#xF3;n --</subfield>
    <subfield code="t">Vargas Vila --</subfield>
    <subfield code="t">Enrique G&#xF3;mez Carrillo --</subfield>
    <subfield code="t">Juan Ram&#xF3;n Jim&#xE9;nez --</subfield>
    <subfield code="t">Francisco Villaespesa --</subfield>
    <subfield code="t">Don Am&#xE9;rico Lugo --</subfield>
    <subfield code="t">P.H.U. --</subfield>
    <subfield code="t">Ram&#xF3;n Marrero Aristy --</subfield>
    <subfield code="t">Entre el tiempo y la distancia --</subfield>
    <subfield code="t">Tiempos dismitificadores --</subfield>
    <subfield code="t">Entrevistas imaginarias.</subfield>
  </datafield>
  <datafield tag="590" ind1=" " ind2=" ">
    <subfield code="a">Inventariado, 2024/VM</subfield>
  </datafield>
  <datafield tag="650" ind1=" " ind2="4">
    <subfield code="a">Ensayos dominicanos</subfield>
  </datafield>
  <datafield tag="650" ind1=" " ind2="4">
    <subfield code="a">Literatura dominicana.</subfield>
  </datafield>
  <datafield tag="651" ind1=" " ind2="4">
    <subfield code="a">Rep&#xFA;blica Dominicana </subfield>
    <subfield code="x">Historia </subfield>
    <subfield code="v">Ensayos, conferencias, etc</subfield>
  </datafield>
  <datafield tag="700" ind1="1" ind2=" ">
    <subfield code="a">S&#xE1;nchez, Enriquillo,</subfield>
    <subfield code="d">1947-2004</subfield>
    <subfield code="e">pr&#xF3;logo</subfield>
  </datafield>
  <datafield tag="710" ind1="2" ind2=" ">
    <subfield code="a">Banco Central de la Rep&#xFA;blica Dominicana</subfield>
  </datafield>
  <datafield tag="910" ind1=" " ind2=" ">
    <subfield code="a">VMateo V. Control de calidad BPMSU</subfield>
  </datafield>
  <datafield tag="942" ind1=" " ind2=" ">
    <subfield code="2">ddc</subfield>
    <subfield code="c">BK</subfield>
  </datafield>
  <datafield tag="952" ind1=" " ind2=" ">
    <subfield code="0">0</subfield>
    <subfield code="1">0</subfield>
    <subfield code="2">ddc</subfield>
    <subfield code="4">0</subfield>
    <subfield code="7">0</subfield>
    <subfield code="8">CD</subfield>
    <subfield code="a">BPMET</subfield>
    <subfield code="b">BPMET</subfield>
    <subfield code="d">2024-09-11</subfield>
    <subfield code="e">Banco Central de la Rep&#xFA;blica Dominicana </subfield>
    <subfield code="l">0</subfield>
    <subfield code="o">BPMSU CD RD864.44 F677c 2003</subfield>
    <subfield code="p">BPMSU24090031</subfield>
    <subfield code="r">2024-09-11</subfield>
    <subfield code="w">2024-09-11</subfield>
    <subfield code="y">BK</subfield>
  </datafield>
  <datafield tag="999" ind1=" " ind2=" ">
    <subfield code="c">14809</subfield>
    <subfield code="d">14809</subfield>
  </datafield>
</record>
